00528nam a2200181 a 4500001001300000003000900013005001700022008004100039020002300080082001300103100002800116245008000144260003600224300000900260500003500269505002400304650001800328nice12345678IN_TiNIC20260116013653.0050524s1995 newa grp 000 0 eng  a8173046 c40000a954bBOU aBoussac, Marie-Francois aAthens, Aden, Arikamedub Essays on the Interrelations Betwen India, Arabia aNew Delhi bManohar Pub. c1995 a272p aincludes index and biblioraphy2 aBibliography, Index aIndia-Ancient